=LDR 00000nam 2200000 4500 =001 INLIS000000000043564 =005 20131008103431 =008 ***********************************ind** =035 ##$$a0010-101300000001486 =041 ##$$a ind =082 ##$$a 425 =090 ##$$a 425, Sam g =100 ##$$a Samekto =245 ##$$a Grammar - Tanslation exercisis, Samekto =260 ##$$a 2000 $b Jakarta =300 ##$$a xii, 131 hlm, 21 cm =650 ##$$a Bahasa Inggris-Tata Bahasa =850 ##$$a NBPNMAT =990 ##$$a 0001/BPAP-NTB/20142014